000 00318 a2200157 4500
001 161455
020 _a
040 _cMagnum
100 _aAguiar, Luiz Antonio
240 1 0 _aVivo ou morto
_lpor
245 1 0 _aVivo ou morto
362 0 _a1899
440 1 _aFTD
697 _aJ/SOCIEDADE, COTIDIANO
942 _cBK
999 _c161455
_d161455